000 00979nam a2200301 a 4500
001 21629
003 BD-RjUL
005 20211209000717.0
008 140305r19591914enk 000 d eng
020 _a0312147031
035 _a(BD-RjUL)21694
040 _aDLC
_cDLC
_dDLC
_dBD-RjUL
_beng
041 _aeng
082 0 0 _a891.4443
_220
_bTAP 1959
100 1 _aTagore, Rabindranath,
_d1861-1941.
_945145
245 0 4 _aThe Post Office /
_cRabindranath Tagore; translated by Krishna Dutta and Andrew Robinson ; introduction by Anita Desai ; illustrations by Michael McCurdy.
250 _a1st ed.
260 _aLondon :
_bSt. Martin's Press,
_c1914 [Reprinted 1959].
300 _avii, 88 p. ;
_b19 cm.
650 0 _aBengali literature.
_966782
700 1 _aDutta, Krishna.
_966783
700 1 _aRobinson, Andrew,
_d1957-
_966784
700 1 _aMcCurdy, Michael.
_966785
942 _2ddc
_cBK
999 _c21629
_d21629